| 000 | 01731nam a2200469 i 4500 | ||
|---|---|---|---|
| 001 | 54921 | ||
| 003 | KOSZ 005 | ||
| 005 | 20220613142725.0 | ||
| 008 | 070209s2006 pl a f f |001 0 pol | ||
| 015 | _aPB 4799/2007 | ||
| 020 | _a8301148853 | ||
| 020 | _a8301148861 | ||
| 020 | _a9788301148850 | ||
| 020 | _a9788301148867 | ||
| 040 |
_cWA N _aWA N _dKOSZ 005/HR |
||
| 041 | 1 |
_apol _heng |
|
| 046 | _k2004 | ||
| 080 | _a543 | ||
| 080 | _a(075.8) | ||
| 245 | 0 | 0 |
_aPodstawy chemii analitycznej. _n1 / _cDouglas A. Skoog [et al.] ; przekł. zbiorowy pod red. Adama Hulanickiego ; [przekł. z jęz. ang. Ewa Bulska et al.]. |
| 246 | 1 |
_iTyt. oryg.: _aFundamentals of analytical chemistry _f2004 |
|
| 260 |
_aWarszawa : _bWydawnictwo Naukowe PWN, _c2006. |
||
| 300 |
_a543 s. pag. varia, [6] s. tabl. kolor. : _bil. ; _c29 cm + _edysk optyczny (CD-ROM). |
||
| 336 |
_2rdacontent _aTekst _btxt |
||
| 337 |
_2rdamedia _aBez urządzenia pośredniczącego _bn |
||
| 338 |
_2rdacarrier _aWolumin _bnc |
||
| 380 | _aKsiążki | ||
| 380 | _aPublikacje dydaktyczne | ||
| 385 |
_mPoziom nauczania _aSzkoły wyższe |
||
| 388 | _a2001- | ||
| 504 | _aIndeks. | ||
| 521 | 8 | _aDla studentów i nauczycieli akademickich zajmujących się chemią analityczną. | |
| 650 | 7 | _aChemia analityczna | |
| 655 | _aPodręczniki akademickie | ||
| 658 | _aChemia | ||
| 700 | 1 |
_aSkoog, Douglas A. _d(1918- ) _eAutor |
|
| 700 | 1 |
_aHulanicki, Adam _d(1929-2019) _eRedakcja |
|
| 700 | 1 |
_aBulska, Ewa _d(1953- ) _eTłumaczenie |
|
| 710 | 2 |
_aWydawnictwo Naukowe PWN _4pbl |
|
| 856 |
_uhttp://koha.tu.koszalin.pl/cgi-bin/koha/opac-detail.pl?biblionumber=54921 _yKatalog online BPK |
||
| 942 |
_cKS _2UKD |
||
| 999 |
_c54921 _d54921 |
||